Analýza vybraných aspektov podunajského regiónu v Slovenskej republike
Enregistré dans:
| Auteur principal: | |
|---|---|
| Autres auteurs: | , |
| Format: | Livre |
| Langue: | slovaque |
| Publié: |
Modra
Regions Research Center
2008
|
| Collection: | Dokumenty
|
| Sujets: | |
| Tags: |
Pas de tags, Soyez le premier à ajouter un tag!
|
MARC
| LEADER | 00000nam$a2200000$$$4500 | ||
|---|---|---|---|
| 001 | 0092292 | ||
| 005 | 20240503083056.9 | ||
| 020 | |a 978-80-89367-07-8 | ||
| 041 | 0 | |a slo | |
| 044 | |a SK | ||
| 245 | 1 | 0 | |a Analýza vybraných aspektov podunajského regiónu v Slovenskej republike |c Marián Nemec |
| 264 | 1 | |a Modra |b Regions Research Center |c 2008 | |
| 300 | |a 98 s. | ||
| 490 | 1 | |a Dokumenty | |
| 830 | 0 | |a Dokumenty | |
| 610 | 2 | 0 | |a regióny |
| 610 | 2 | 0 | |a Slovensko |
| 610 | 2 | 0 | |a rozvoj regionálny |
| 100 | 1 | |a Nemec, Marián | |
| 700 | 1 | |a Kvetko, Juraj | |
| 700 | 1 | |a Luha, Ján | |